Catálogo

Bioquímica / (Registro nro. 18218)

Detalles MARC
000 -LEADER
fixed length control field 01133cam a2200313 i 4500
001 - CONTROL NUMBER
control field 18218
003 - CONTROL NUMBER IDENTIFIER
control field Mx-PuUPA
005 - DATE AND TIME OF LATEST TRANSACTION
control field 20240410103508.0
008 - FIXED-LENGTH DATA ELEMENTS--GENERAL INFORMATION
fixed length control field 140415s1974 mx a r 000 0 spa d
020 ## - INTERNATIONAL STANDARD BOOK NUMBER
International Standard Book Number 847051038X
040 ## - CATALOGING SOURCE
Original cataloging agency MX-PuUPA
Language of cataloging spa
Description conventions rda
Transcribing agency Mx-PuUPA
Modifying agency Mx-PuUPA
041 1# - LANGUAGE CODE
Language code of text/sound track or separate title spa
Language code of original eng
100 1# - MAIN ENTRY--PERSONAL NAME
Personal name Thorpe, William Veale,
Relator term autor
9 (RLIN) 6764
240 10 - UNIFORM TITLE
Uniform title Biochemestry for medical students.
Language of a work Español
245 10 - TITLE STATEMENT
Title Bioquímica /
Statement of responsibility, etc. William Veale Thorpe, H. Geoffrey Bray, Sybil P. James ; traducción, Alfonso de Mena Calvet.
250 ## - EDITION STATEMENT
Edition statement Primera edición
264 #1 - PRODUCTION, PUBLICATION, DISTRIBUTION, MANUFACTURE, AND COPYRIGHT NOTICE
Place of production, publication, distribution, manufacture México, D.F. :
Name of producer, publisher, distributor, manufacturer Compañía Editorial Continental,
Date of production, publication, distribution, manufacture, or copyright notice 1974
300 ## - PHYSICAL DESCRIPTION
Extent 553 páginas :
Other physical details ilustraciones ;
Dimensions 23 cm.
336 ## - CONTENT TYPE
Content type term texto
Fuente rdacontent
Content type code txt
337 ## - MEDIA TYPE
Media type term sin medio
Source rdamedia
Media type code n
338 ## - CARRIER TYPE
Carrier type term volumen
Source rdacarrier
Carrier type code nc
650 #4 - SUBJECT ADDED ENTRY--TOPICAL TERM
Topical term or geographic name entry element Bioquímica
700 1# - ADDED ENTRY--PERSONAL NAME
Personal name Bray, H. Geoggrey,
Relator term autor
700 1# - ADDED ENTRY--PERSONAL NAME
Personal name James, Sybil P.,
Relator term autor
700 1# - ADDED ENTRY--PERSONAL NAME
Personal name Mena Calvet, Alfonso de,
Relator term traductor
765 08 - ORIGINAL LANGUAGE ENTRY
Main entry heading Thorpe, William Veale,
Title Biochemestry for medical students.
942 ## - ADDED ENTRY ELEMENTS (KOHA)
Source of classification or shelving scheme Dewey Decimal Classification
Koha item type Libro
Classification part 574.192
Item part T445
Existencias
Withdrawn status Lost status Source of classification or shelving scheme Damaged status Not for loan Collection code Home library Current library Shelving location Date acquired Source of acquisition Total Checkouts Full call number Barcode Date last seen Date last checked out Copy number Price effective from Koha item type
    Dewey Decimal Classification     General Biblioteca Karol Wojtyla Biblioteca Karol Wojtyla Sala general 03/12/2013 Compra 7 574.192 T445 1974 37408 05/01/2026 15/10/2025 Ej.2 08/03/2018 Libro
    Dewey Decimal Classification     General Biblioteca Karol Wojtyla Biblioteca Karol Wojtyla Sala general 03/12/2013 Compra 4 574.192 T445 1974 5089 05/01/2026 07/02/2023   03/12/2013 Libro
    Dewey Decimal Classification     General Biblioteca Karol Wojtyla Biblioteca Karol Wojtyla Sala general 03/12/2013 Compra 11 574.192 T445 1974 40255 05/01/2026 15/10/2024 Ej.3 03/12/2013 Libro